Percussion Around the World-International Pop All Stars (Record n. 99544)
[ formato base ]
| 000 -LEADER | |
|---|---|
| fixed length control field | 01515njm a2200277Ia 4500 |
| 001 - CONTROL NUMBER | |
| control field | 25604 |
| 003 - CONTROL NUMBER IDENTIFIER | |
| control field | IT-RoPAU |
| 005 - DATE AND TIME OF LATEST TRANSACTION | |
| control field | 20220918181118.0 |
| 008 - FIXED-LENGTH DATA ELEMENTS--GENERAL INFORMATION | |
| fixed length control field | 131025s9999 xx 000 0 und d |
| 040 ## - CATALOGING SOURCE | |
| Original cataloging agency | IT-RoPAU |
| 040 ## - CATALOGING SOURCE | |
| Transcribing agency | IT-RoPAU |
| 999 ## - SYSTEM CONTROL NUMBERS (KOHA) | |
| Koha Dewey Subclass [OBSOLETE] | n.d. |
| 100 ## - MAIN ENTRY--PERSONAL NAME | |
| Personal name | AA.VV. |
| 9 (RLIN) | 794 |
| 100 ## - MAIN ENTRY--PERSONAL NAME | |
| Relator term | Autore musica |
| 9 (RLIN) | 12485 |
| 100 ## - MAIN ENTRY--PERSONAL NAME | |
| Miscellaneous information | Codice autore musica SPICS: 12000 |
| 9 (RLIN) | 796 |
| 245 ## - TITLE STATEMENT | |
| Title | Percussion Around the World-International Pop All Stars |
| 250 ## - EDITION STATEMENT | |
| Edition statement | 1a ed. |
| 260 ## - PUBLICATION, DISTRIBUTION, ETC. (IMPRINT) | |
| Place of publication, distribution, etc. | LONDON |
| 260 ## - PUBLICATION, DISTRIBUTION, ETC. (IMPRINT) | |
| Name of publisher, distributor, etc. | DECCA RECORD COMPANY |
| Date of publication, distribution, etc. | 1962 [1a Ed.:1962 - Ed. Lingua Orig.: 1961] |
| 300 ## - PHYSICAL DESCRIPTION | |
| Extent | DISCO |
| 500 ## - GENERAL NOTE | |
| General note | Musica strumentale: pop, folk, popolare. Brani di autori vari. |
| 505 ## - FORMATTED CONTENTS NOTE | |
| Formatted contents note | The Poor People of Paris [(France) (Monnot M.-Rouzaud)] - Frenesi [(Cuba) (Russell Luis-Charles R.-Dominiguez)] - The Third Man Theme [(Austria) (Karas Anton)] - Calcutta [(India) (Stillman-Gaze Heino)] - La Montana [(Spain) (Alguero-Moreu)] - Nick Nack Paddy Whack [(China) (Gould Morton-Arnold Malcolm)] - Volare [(Italy) (Modugno Domenico-Migliacci Franco-Parish Mitchell)] - April in Portugal [(Portugal) (Ferrao-Larue Jacques-Kennedy J.)] - Never On Sunday [(Greece) (Towne-Hadjidakis)] - Japanese Sandman [(Japan) (Egan-Whiting)] - Cielito lindo [(Mexico) (Fernandez Gregorio)] - Auf Wiederseh'n Sweetheart [(Germany) (Turner Joe-Sexton-Storch)] |
| 650 ## - SUBJECT ADDED ENTRY--TOPICAL TERM | |
| Topical term or geographic name as entry element | FOLK [DISCHI] |
| Relator term | Codice MATERIA SPICS: 9950 |
| 9 (RLIN) | 1209 |
| 700 ## - ADDED ENTRY--PERSONAL NAME | |
| Personal name | International All Stars |
| Dates associated with a name | Codice interprete SPICS: 15995 |
| Relator term | Interprete |
| 9 (RLIN) | 12486 |
| 942 ## - ADDED ENTRY ELEMENTS (KOHA) | |
| Koha item type | DISCHI |
| Source of classification or shelving scheme | Dewey Decimal Classification |
| Withdrawn status | Lost status | Damaged status | Not for loan | Home library | Current library | Date acquired | Total Checkouts | Full call number | Date last seen | Price effective from | Koha item type | Public note |
|---|---|---|---|---|---|---|---|---|---|---|---|---|
| Buone Condizioni | Not For Loan | SPICS-MEDIATECA | SPICS-MEDIATECA | 25/10/2013 | 25604 | 25/10/2013 | 25/10/2013 | DISCHI | Progr. Ins.: 5478 / N.Vol.: 1 / Copie: 1 - Copia rara: n.d. / date import: 01.01.2014 - By Epidotti, Trombetti, Vaglietti |